00717nam a2200181 a 450000100100000000500170001000800410002704000250006808200150009310000280010824500620013626000480019830000210024649000290026783000360029695201860033299900170051800003586920200930074659.0111115s1958 fr 000 0 spa d aDO-SdBNPbfrecBNPHU axxxxbH4271 aHayward, Fernand96185610aQue faut-il penser de l´inquisition? /cFernand Hayward. aParis :bLibrairie Arthème Fayard,c1958. a189 p. ;c20 cm.1 aBibliothè Ecclesiav46 0aBibliothè Ecclesiav46961857 001050718MOaGRbGRcCTd2011-11-15iLF1l0oxxxx H427p35869-10r2020-06-25w2020-06-25y1zPerteneció a la biblioteca personal de Juan Isidro Jimenes -GrullónZNo se presta c35360d35360